<?xml version="1.0" encoding="UTF-8"?>
<record
    xmlns:xsi="http://www.w3.org/2001/XMLSchema-instance"
    xsi:schemaLocation="http://www.loc.gov/MARC21/slim http://www.loc.gov/standards/marcxml/schema/MARC21slim.xsd"
    xmlns="http://www.loc.gov/MARC21/slim">

  <leader>00373nam a2200145Ia 4500</leader>
  <controlfield tag="008">150301s2014    xx            000 0 und d</controlfield>
  <datafield tag="082" ind1=" " ind2=" ">
    <subfield code="a">616.12</subfield>
    <subfield code="b">C14C</subfield>
  </datafield>
  <datafield tag="100" ind1=" " ind2=" ">
    <subfield code="a">CRAWFORD, MICHAEL H.</subfield>
  </datafield>
  <datafield tag="245" ind1=" " ind2=" ">
    <subfield code="a">CURRENT DIGNOSIS &amp; TRETMENT CARDIOLOGY</subfield>
  </datafield>
  <datafield tag="250" ind1=" " ind2=" ">
    <subfield code="a">4TH</subfield>
  </datafield>
  <datafield tag="260" ind1=" " ind2=" ">
    <subfield code="b">MC GRAW HILL</subfield>
    <subfield code="a">NEW YORK</subfield>
    <subfield code="c">2014</subfield>
  </datafield>
  <datafield tag="300" ind1=" " ind2=" ">
    <subfield code="a">603</subfield>
  </datafield>
  <datafield tag="650" ind1=" " ind2=" ">
    <subfield code="a">GENERAL MEDICINE</subfield>
  </datafield>
  <datafield tag="942" ind1=" " ind2=" ">
    <subfield code="2">ddc</subfield>
    <subfield code="c">BK</subfield>
    <subfield code="0">12</subfield>
  </datafield>
  <datafield tag="952" ind1=" " ind2=" ">
    <subfield code="0">0</subfield>
    <subfield code="1">0</subfield>
    <subfield code="2">ddc</subfield>
    <subfield code="4">0</subfield>
    <subfield code="7">0</subfield>
    <subfield code="8">MEDICAL</subfield>
    <subfield code="a">FM</subfield>
    <subfield code="b">FM</subfield>
    <subfield code="c">TXT</subfield>
    <subfield code="d">2015-07-02</subfield>
    <subfield code="e">ABC DELHI</subfield>
    <subfield code="g">695.00</subfield>
    <subfield code="i">SGTU</subfield>
    <subfield code="l">2</subfield>
    <subfield code="o">616.12 C14C</subfield>
    <subfield code="p">FM7107</subfield>
    <subfield code="r">2024-11-20 00:00:00</subfield>
    <subfield code="s">2024-11-07</subfield>
    <subfield code="w">2014-11-06</subfield>
    <subfield code="y">BK</subfield>
    <subfield code="k">4996</subfield>
  </datafield>
  <datafield tag="952" ind1=" " ind2=" ">
    <subfield code="0">0</subfield>
    <subfield code="1">0</subfield>
    <subfield code="2">ddc</subfield>
    <subfield code="4">0</subfield>
    <subfield code="7">0</subfield>
    <subfield code="8">MEDICAL</subfield>
    <subfield code="a">FM</subfield>
    <subfield code="b">FM</subfield>
    <subfield code="c">TXT</subfield>
    <subfield code="d">2015-07-02</subfield>
    <subfield code="e">ABC DELHI</subfield>
    <subfield code="g">695.00</subfield>
    <subfield code="i">SGTU</subfield>
    <subfield code="l">0</subfield>
    <subfield code="o">616.12 C14C</subfield>
    <subfield code="p">FM7108</subfield>
    <subfield code="r">2015-07-02 00:00:00</subfield>
    <subfield code="w">2014-11-06</subfield>
    <subfield code="y">BK</subfield>
    <subfield code="k">4996</subfield>
  </datafield>
  <datafield tag="952" ind1=" " ind2=" ">
    <subfield code="0">0</subfield>
    <subfield code="1">0</subfield>
    <subfield code="2">ddc</subfield>
    <subfield code="4">0</subfield>
    <subfield code="7">0</subfield>
    <subfield code="8">MEDICAL</subfield>
    <subfield code="a">FM</subfield>
    <subfield code="b">FM</subfield>
    <subfield code="c">TXT</subfield>
    <subfield code="d">2015-07-02</subfield>
    <subfield code="e">ABC DELHI</subfield>
    <subfield code="g">695.00</subfield>
    <subfield code="i">SGTU</subfield>
    <subfield code="l">12</subfield>
    <subfield code="o">616.12 C14C</subfield>
    <subfield code="p">FM7109</subfield>
    <subfield code="r">2025-08-20 00:00:00</subfield>
    <subfield code="s">2025-08-07</subfield>
    <subfield code="w">2014-11-06</subfield>
    <subfield code="y">BK</subfield>
    <subfield code="k">4996</subfield>
  </datafield>
  <datafield tag="952" ind1=" " ind2=" ">
    <subfield code="0">0</subfield>
    <subfield code="1">0</subfield>
    <subfield code="2">ddc</subfield>
    <subfield code="4">0</subfield>
    <subfield code="7">0</subfield>
    <subfield code="8">MEDICAL</subfield>
    <subfield code="a">FM</subfield>
    <subfield code="b">FM</subfield>
    <subfield code="c">TXT</subfield>
    <subfield code="d">2015-07-02</subfield>
    <subfield code="e">ABC DELHI</subfield>
    <subfield code="g">695.00</subfield>
    <subfield code="i">SGTU</subfield>
    <subfield code="l">0</subfield>
    <subfield code="o">616.12 C14C</subfield>
    <subfield code="p">FM7110</subfield>
    <subfield code="r">2015-07-02 00:00:00</subfield>
    <subfield code="w">2014-11-06</subfield>
    <subfield code="y">BK</subfield>
    <subfield code="k">4996</subfield>
  </datafield>
  <datafield tag="999" ind1=" " ind2=" ">
    <subfield code="c">6718</subfield>
    <subfield code="d">6718</subfield>
  </datafield>
</record>
